| 000 | 01410nam0a2200337 4500 | ||
|---|---|---|---|
| 001 | RU\NLR\bibl\1461252 | ||
| 005 | 20260405213724.0 | ||
| 010 |
_a978-5-02-036796-8 _9900 |
||
| 021 |
_aRU _b2009-92019 _95820 |
||
| 035 | _a(NLR Aleph) 001453017 | ||
| 090 |
_a1535150 _c1535150 |
||
| 100 | _a20100115d2009 |||y0rusy50 ca | ||
| 101 | 0 | _arus | |
| 102 | _aRU | ||
| 105 | _aa ||||||||| | ||
| 200 | 1 |
_aТеория ущерба _dThe theory of damage _eобщие подходы и вопросы создания методического обеспечения _fА. С. Тулупов _g[Рос. акад. наук, Ин-т проблем рынка] _zeng |
|
| 210 |
_aМосква _cНаука _d2009 |
||
| 215 |
_a283 с. _d21 |
||
| 300 | _aАвт. также на англ. яз.: A. Tulupov | ||
| 300 | _aНа авантит.л.: 285 лет Рос. акад. наук | ||
| 510 | 0 |
_6z77790 _aThe theory of damage _zeng |
|
| 606 | 1 |
_aПотери в народном хозяйстве _91691563 _3RU\NLR\auth\66752053 |
|
| 686 | _aУ9(2)-854 | ||
| 686 | _aУ010.664 | ||
| 700 | 1 |
_4070 _8rus _7ca _aТулупов _bА. С. _gАлександр Сергеевич _3RU\NLR\auth\7796723 _979649 |
|
| 790 | 1 |
_4070 _8rus _7ba _aTulupov _bA. S. _gAleksandr Sergeevič _3RU\NLR\auth\7796724 _979650 |
|
| 801 | 0 |
_aRU _bNLR _c20100115 _gRCR |
|
| 801 | 1 |
_aRU _bNLR _c20100115 |
|
| 942 | _cBOOK | ||
| 980 | _aNB | ||